02146agaaa2200289 45000010005000000030009000050050017000140070009000310080040000400400023000800410013001031000044001161300024001602450171001842500022003552600113003773000033004905080134005235110093006575200853007505380016016035460013016196500057016327000056016897000058017457000053018037213IT-RoPAU20220918181235.0d cvaizq50131s9999||||xx ||| | || ||und|| aIT-RoPAUcIT-RoPAU aITALIANO aAllen WoodygCodice regista SPICS: 9980 aBROADWAY DANNY ROSE aBROADWAY DANNY ROSEcProdotto da: Greenhut Robert -- Sceneggiatura: Allen Woody -- Diretto da: Allen WoodypBROADWAY DANNY ROSE (Rif. Codice opera principale : H7213) aEdizione Standard a(USA)bORION PICTURES / Distribuzione: MESSAGGERIE MUSICALIg"1984 (1° ed.: 2007 ; Ed. Lingua Orig.: 1984)" aDVDbsonoro, col.c81 minuti a"Fotografia: Willis Gordon; Montaggio: Morse Susan E.; Musica: Hyman Dick; Sceneggiatura: Allen Woody; Scenografia: Bourne Mel; " a"Allen Woody; Farrow Mia; Forte Nick; Apollo; Baron Sandy; Corbett Monica; Storm Howard" aDANNY ROSE E' L'IMPRESARIO TEATRALE PIU' DISASTROSO DI TUTTI I TEMPI. SUOISONO GLI SPETTACOLI CON PAPPAGALLI PIANISTI, BALLERINE DI TIP-TAP CON UNA SOLA GAMBA E VENTRILOQUI BALBUZIENTI, FINO A CHE UNA IMPROVVISA MODA NOSTALGICA PROCURA AL SUO PRINCIPALE ARTISTA, L'ASTUTO CANTANTE DI CANZONI SENTIMENTALI LOU CANOVA, UN AMBITO INGAGGIO AL WALDORF. MA QUANDO LOU SI RIFIUTA DI PROSEGUIRE A MENO CHE DANNY NON ACCOMPAGNI AL CONCERTO LA SUA AMANTE TINA, EX MOGLIE DI UN GANGSTER, LA SCENA SI TRASFORMA IN UN FALLIMENTO COMPLETO. CATTURATO CON TINA, TRUFFATO DA LOU E PRESO ADDIRITTURA IN OSTAGGIO DAI GANGSTER, DANNY SI IMBARCA IN UN'AVVENTURA DIVERTENTE ED AGRO-DOLCE NEL DISPERATO TENTATIVO DI ASSICURARE CHE LO SPETTACOLO CONTINUI PRIMA CHE IL SIPARIO CALI SU DI LUI OLTRE CHE SULLA SUA CARRIERA. CONTENUTI EXTRA: TRAILER CINEMATOGRAFICO ORIGINALE. aPAL, STEREO aITALIANO aCOMMEDIAeDVD-FILM [DVD]xCodice MATERIA SPICS: 9947 aAllen Woody e(regista)gCodice regista SPICS: 9980 aAllen Woody e(soggetto)gCodice Soggetto SPICS: 9980 aHyman Dicke(musica)gCodice Musica SPICS: 26363